| 000 | nam a22 a 4500 | ||
|---|---|---|---|
| 999 |
_c1455 _d1455 |
||
| 003 | AKMAL | ||
| 005 | 20170509153628.0 | ||
| 008 | 030610s2003 my 00 may d | ||
| 020 |
_a967611393X (kkt.): _cRM24.00 |
||
| 040 | _aAKMAL | ||
| 082 | 0 | 4 |
_a303.482595 LUK _221 |
| 090 | 0 | 0 |
_a303.482595 _bLUK |
| 100 | 0 |
_aLukman Z. Mohamad, _d1970- _92877 |
|
| 245 | 1 | 0 |
_aGlobalisasi di Malaysia / _cLukman Z. Mohamad, Azmi Abdul Manaf |
| 260 |
_aKuala Lumpur : _bUtusan Pub. & Dis., _c2003 |
||
| 300 | 0 | 0 |
_a243ms. : _bil. ; _c24cm |
| 650 | 0 |
_aSocial change _zMalaysia _92635 |
|
| 651 | 0 |
_aMalaysia _xEconomic conditions _963 |
|
| 651 | 0 |
_aMalaysia _xSocial conditions _945 |
|
| 700 | 0 |
_aAzmi Abdul Manaf _92878 |
|
| 942 |
_2ddc _cBOOK |
||